Modificazione H.A. : romanzo /
محفوظ في:
| المؤلف الرئيسي: | |
|---|---|
| مؤلفون آخرون: | |
| التنسيق: | كتاب |
| اللغة: | الإيطالية |
| منشور في: |
Milano :
Sonzogno,
1977
|
| سلاسل: | Narrativa Sonzogno
|
| الوسوم: |
لا توجد وسوم, كن أول من يضع وسما على هذه التسجيلة!
|
MARC
| LEADER | 00000nam a22000007i 4500 | ||
|---|---|---|---|
| 001 | IT\ICCU\UBO\0128881 | ||
| 003 | ItRI | ||
| 005 | 20251004193505.0 | ||
| 008 | 941123s1977 it |||||| ||||| |||||c | ||
| 040 | |b ita |c ct | ||
| 041 | 7 | |a ita |2 ISO-639-2 | |
| 100 | 1 | |a Amis, Kingsley |0 IT\ICCU\CFIV\096673 |4 aut | |
| 245 | 1 | 0 | |a Modificazione H.A. : |b romanzo / |c Kingsley Amis ; traduzione di Amina Pandolfi. |
| 260 | |a Milano : |b Sonzogno, |c 1977 | ||
| 300 | |a 219 p. ; |c 21 cm | ||
| 700 | 1 | |a Pandolfi, Amina |0 IT\ICCU\CFIV\041288 | |
| 830 | 0 | |a Narrativa Sonzogno |0 IT\ICCU\RAV\0003881 | |
| 942 | |2 ddc |c BK | ||
| 952 | |0 0 |1 0 |2 ddc |4 0 |6 B_LNR02AMIKIMOD12 |7 0 |9 5682 |a MI |b MI |d 2011-07-25 |i 1935 |l 0 |o B-LNR02-AMIKI-MOD12 |p CDOM1935 |r 2025-07-13 16:28:00 |w 2025-07-13 |x ACQUISTO - PREZZO IN LIRE |y BK | ||
| 952 | |0 0 |1 0 |2 ddc |4 0 |6 B_LNR02AMIKIMOD11 |7 0 |9 5683 |a MI |b MI |d 1987-07-22 |i 395 |l 0 |o B-LNR02-AMIKI-MOD11 |p CDOM395 |r 2025-07-13 16:28:00 |w 2025-07-13 |x ACQUISTO |y BK | ||
| 982 | 1 | |6 z01 |a n | |
| 999 | |c 4528 |d 4528 | ||